Statystyki dla Państwa Europy środkowej - Quiz na mapie

Kliknij tutaj aby rozwiązać quiz!

Ogólne statystyki

  • Ten quiz został rozwiązany 207 razy
  • Średni wynik to 7 z 8

Odpowiedzi na mapie

Odpowiedzi skodowane kolorowo w zielono-czerwonej skali na mapie do tego quizu, zgodnie z poniższymi procentami.
 

Statystyki odpowiedzi

Odpowiedź% Poprawnych
Niemcy
97%
Polska
95%
Litwa
94%
Austria
91%
Słowacja
91%
Czechy
90%
Słowenia
86%
Węgry
80%

Rozkład punktacji

Percentyl według liczby udzielonych odpowiedzi

Procent ludzi z każdym wynikiem

Twoja historia wyników

Nie rozwiązałeś tego quizu